[Event "15th OIBM"]
[Site "Bad Wiessee GER"]
[Date "2011.10.30"]
[Round "2.19"]
[White "Gschwendtner,K"]
[Black "Zhigalko,A"]
[Result "1/2-1/2"]
[WhiteElo "2112"]
[BlackElo "2555"]

1.e4 c5 2.Nf3 d6 3.Bb5+ Nd7 4.c3 Nf6 5.Qe2 a6 6.Ba4 g6 7.O-O Bg7 8.d4 b5
9.Bc2 cxd4 10.cxd4 Nb6 11.h3 O-O 12.Bf4 Bb7 13.Nbd2 Rc8 14.Bd3 Nh5 15.Be3 e5
16.Rac1 Nf4 17.Bxf4 exf4 18.Nb3 Re8 19.Rxc8 Qxc8 20.Rc1 Qd8 21.Qd2 Nc4 22.Qxf4 Nxb2
23.Bb1 Nc4 24.Bd3 Nb2 25.Bb1 h6 26.h4 Nc4 27.Bd3 Qf6 28.Qxf6 Bxf6 29.Bxc4 bxc4
30.Rxc4 Bxe4 31.Nbd2 Bb7 32.Rb4 Re7 33.Rb6 Rd7 34.Kh2 Bd8 35.Rb2 Bd5 36.Kg3 Kf8
37.Kf4 Rb7 38.Rc2 Ke8 39.Nc4 Kd7 40.Ne3 Bxf3 41.Kxf3 Bxh4 42.d5 Bd8 43.g4 a5
44.Rc6 Bc7 45.Nc4 Rb1 46.Ra6 Ra1 47.Ra7 Rxa2 48.Nb6+ Kd8 49.Ra8+ Ke7 50.Ra7 Rc2
51.Na8 Kd7 52.Ke4 Rc4+ 53.Kd3 Rc5 54.Kd4 a4 55.Nxc7 Rxc7 56.Rxa4 Ke7 57.f4 Rb7
58.Ke4 Rb6 59.Ra7+ Kf6 60.g5+ hxg5 61.fxg5+ Kg7 62.Ra4 Kf8 63.Ra8+ Ke7 64.Ra7+ Kf8
65.Ra8+ Kg7 66.Ra4 Rb1 67.Ra6 Rf1 68.Rxd6 Rf5 69.Ra6 Rxg5 70.d6 Kf6 71.d7+ Ke7
72.Rd6 f5+ 73.Ke5 Kd8 74.Rd2 Rg4 75.Ke6 Ra4 76.Kf6 Rg4 77.Ke6 Rg1 78.Ra2 Re1+
79.Kf6 f4 80.Kxg6 f3 81.Rf2 Re3  1/2-1/2

[Event "38th ch-IND w 2011"]
[Site "Chennai IND"]
[Date "2011.10.30"]
[Round "2"]
[White "Akshaya,A"]
[Black "Saranya,J"]
[Result "0-1"]
[WhiteElo "1990"]
[BlackElo "2106"]

1.e4 c5 2.Nf3 d6 3.Bb5+ Bd7 4.Bxd7+ Qxd7 5.O-O Nc6 6.c3 Nf6 7.Re1 e6 8.d3 Be7
9.Nbd2 O-O 10.Nf1 b5 11.d4 cxd4 12.Nxd4 Rab8 13.Ng3 a5 14.f4 Rfd8 15.Be3 b4
16.c4 Nxd4 17.Bxd4 e5 18.Be3 Ng4 19.Nf5 Nxe3 20.Rxe3 exf4 21.Qg4 Bf6 22.Qxf4 Bxb2
23.Rf1 Be5 24.Qg4 Qe6 25.Rh3 Rd7 26.Qh4 h6 27.Qg4 Kh7 28.Qe2 Rc7 29.g4 Qxc4
30.Qf3 Rbc8 31.Ne3 Bd4 32.g5 Bxe3+ 33.Qxe3 Qxf1+ 34.Kxf1 Rc1+  0-1

[Event "TCh-CZE Liga 1 Zapad"]
[Site "Czech Rep CZE"]
[Date "2011.10.30"]
[Round "2.4"]
[White "Stastny, Jan"]
[Black "Tupy, Martin"]
[Result "0-1"]
[WhiteElo "2246"]
[BlackElo "2264"]

1.e4 c5 2.Nf3 d6 3.Bb5+ Bd7 4.Bxd7+ Qxd7 5.O-O Nc6 6.c3 Nf6 7.d4 Nxe4 8.d5 Ne5
9.Nxe5 dxe5 10.Re1 Nf6 11.Rxe5 e6 12.c4 O-O-O 13.Bg5 Bd6 14.Re1 exd5 15.Bxf6 gxf6
16.cxd5 Rhg8 17.Nc3 Be5 18.g3 Kb8 19.Rc1 b6 20.Qf3 Qg4 21.Qg2 h5 22.Re4 Qf5
23.Rd1 Rg4 24.Rxg4 hxg4 25.Rd2 Bd4 26.Qe4 Qxe4 27.Nxe4 Kc7 28.Kg2 f5 29.Nc3 a6
30.a4 Kd6 31.f3 Re8 32.fxg4 fxg4 33.h3 gxh3+ 34.Kxh3 Re3 35.Ne2 Kxd5 36.Nc1 Kc4
37.b3+ Kc3 38.Rf2 Re1 39.Ne2+ Kxb3  0-1

[Event "19th Skopje Open"]
[Site "Skopje MKD"]
[Date "2011.10.30"]
[Round "7"]
[White "Nedev,Tr"]
[Black "Stanojoski,Z"]
[Result "1/2-1/2"]
[WhiteElo "2493"]
[BlackElo "2470"]

1.e4 c5 2.Nf3 d6 3.Bb5+ Bd7 4.Bxd7+ Qxd7 5.O-O Nf6 6.Re1 Nc6 7.c4 e6 8.d4 cxd4
9.Nxd4 Be7 10.Nc3 O-O  1/2-1/2

[Event "15th OIBM"]
[Site "Bad Wiessee GER"]
[Date "2011.11.01"]
[Round "4.17"]
[White "Vatter,H"]
[Black "Kempinski,R"]
[Result "0-1"]
[WhiteElo "2322"]
[BlackElo "2604"]

1.e4 c5 2.Nf3 d6 3.Bb5+ Nd7 4.d4 cxd4 5.Qxd4 a6 6.Bxd7+ Bxd7 7.Nc3 e5 8.Qd3 h6
9.a4 Nf6 10.O-O Rc8 11.Re1 Be7 12.Nd2 Qc7 13.Nf1 O-O 14.Ne3 Be6 15.Ned5 Nxd5
16.Nxd5 Bxd5 17.Qxd5 Qc6 18.Qb3 Rfd8 19.c3 d5 20.exd5 Qxd5 21.Qxd5 Rxd5 22.Kf1 f5
23.Be3 Kf7 24.Red1 Ke6 25.Ke2 Rxd1 26.Kxd1 f4 27.Bd2 g5 28.Ke2 g4 29.Rh1 Rf8
30.h3 f3+ 31.Kf1 Rd8 32.Be1 h5 33.hxg4 hxg4 34.Rh6+ Kf5 35.Rh7 Bg5 36.gxf3 gxf3
37.Rf7+ Ke4  0-1

[Event "15th OIBM"]
[Site "Bad Wiessee GER"]
[Date "2011.11.02"]
[Round "5.8"]
[White "Negi,P"]
[Black "Ziska,H"]
[Result "1-0"]
[WhiteElo "2631"]
[BlackElo "2460"]

1.e4 c5 2.Nf3 d6 3.Bb5+ Bd7 4.Bxd7+ Qxd7 5.O-O Nc6 6.c4 g6 7.d4 cxd4 8.Nxd4 Bg7
9.Be3 Nf6 10.f3 O-O 11.Nc3 Rfc8 12.b3 a6 13.a4 Qd8 14.Rf2 Qf8 15.Rd2 Bh6
16.Qe1 Rab8 17.Kh1 Nd7 18.Nd5 Bxe3 19.Qxe3 Nxd4 20.Rxd4 Nc5 21.a5 Rc6 22.Rd2 Re8
23.Rad1 Qg7 24.b4 Ne6 25.Qa7 Nd8 26.b5 Rxc4 27.bxa6 Qh6 28.h3 bxa6 29.Nxe7+ Kf8
30.Qxa6 Rc1 31.Qxd6  1-0

[Event "1st Panama Open"]
[Site "Panama City PAN"]
[Date "2011.11.03"]
[Round "1.8"]
[White "Munoz,Ca"]
[Black "Barrientos,S"]
[Result "0-1"]
[WhiteElo "2017"]
[BlackElo "2517"]

1.e4 c5 2.Nf3 d6 3.Bb5+ Nc6 4.Bxc6+ bxc6 5.d3 e5 6.O-O f5 7.exf5 Bxf5 8.Re1 Be7
9.Nbd2 Nf6 10.h3 O-O 11.b3 Qd7 12.Ne4 Nd5 13.Ng3 Be6 14.Qe2 Rae8 15.d4 cxd4
16.Nxd4 Bxh3 17.Nxc6 Qxc6 18.gxh3 Nf4 19.Bxf4 Rxf4 20.Rad1 Ref8 21.Rf1 Bh4
22.Rd3 e4 23.Re3 d5 24.c3 Rf3 25.Rxf3 Rxf3 26.c4 Bxg3  0-1

[Event "II Latin American Cup"]
[Site "Montevideo URU"]
[Date "2011.11.04"]
[Round "5.5"]
[White "Dos Santos,R"]
[Black "Mareco,S"]
[Result "0-1"]
[WhiteElo "2453"]
[BlackElo "2583"]

1.e4 c5 2.Nf3 d6 3.Bb5+ Nd7 4.d4 cxd4 5.Qxd4 a6 6.Bxd7+ Bxd7 7.Bg5 Rc8 8.Nc3 h6
9.Bh4 e5 10.Qd3 g5 11.Bg3 Nf6 12.h4 g4 13.Nd2 b5 14.a3 h5 15.O-O Be7 16.f3 gxf3
17.Nxf3 Be6 18.Qd2 Rg8 19.Ng5 Ng4 20.Rad1 Rc4 21.Rf3 Rd4 22.Qc1 Bxg5 23.hxg5 Qxg5
24.Qxg5 Rxg5 25.Bh4 Rg6 26.Rxd4 exd4 27.Ne2 Ne5 28.Rg3 Nc4 29.Rxg6 fxg6 30.Nxd4 Bg4
31.Bf6 Kf7 32.Bh8 Nxb2 33.Nxb5 Nc4 34.Nc7 a5 35.Bc3 Bd1 36.Kf2 Bxc2 37.Kf3 g5
38.Nd5 Bb3 39.Ne3 Ne5+ 40.Kf2 a4 41.Nf5 Nc4 42.Bb4 Ke6 43.Ng7+ Ke5 44.Nxh5 Kxe4
45.Ke2 Bc2 46.Nf6+ Ke5 47.Ne8 Be4 48.Bc3+ Ke6 49.g4 Bc6 50.Ng7+ Kd5 51.Nf5 Ke4
52.Bb4 d5 53.Be7 Kf4 54.Nd6 Ne5 55.Nf5 Nxg4 56.Nd4 Bd7 57.Kd2 Ne5 58.Ne2+ Kf5
59.Ke3 Ng6 60.Bd8 g4 61.Ng3+ Ke5 62.Bc7+ Ke6 63.Kd4 Nh4 64.Kc5 Ng2 65.Ne2 Ne3
66.Nf4+ Kf5 67.Nxd5 Nc2 68.Bb8 Nxa3 69.Ne3+ Kg5 70.Nc4 Nc2 71.Nb6 a3 72.Nxd7 a2
73.Be5 g3 74.Nf6 g2 75.Ne4+ Kf5  0-1

[Event "1st Novara Open A"]
[Site "Novara ITA"]
[Date "2011.11.04"]
[Round "1"]
[White "Cereda,L"]
[Black "Petrone,Gianmario"]
[Result "1-0"]
[WhiteElo "2206"]
[BlackElo "1937"]

1.e4 c5 2.Nf3 d6 3.Bb5+ Bd7 4.Bxd7+ Qxd7 5.O-O Nf6 6.Qe2 e6 7.Rd1 Nc6 8.d4 cxd4
9.Nxd4 Nxd4 10.Rxd4 Qc6 11.Rc4 Qa6 12.Nc3 Be7 13.Nb5 Bd8 14.Rd4 O-O 15.Rxd6 b6
16.c4 e5 17.Bg5 Qb7 18.Bxf6 Bxf6 19.Rad1 Rad8 20.Rxd8 Rxd8 21.Rxd8+ Bxd8
22.Qd3 Be7 23.Qd5 Qxd5 24.cxd5 a5 25.d6 Bg5 26.Nc7 Kf8 27.b3 Bc1 28.Nd5 Ke8
29.Nxb6 Ba3 30.Nc4 Bb4 31.Nxe5 Bxd6 32.Nc4 Bb4 33.f4 Kd7 34.Kf2 f6 35.Ke3 Ke6
36.g4 g6 37.f5+ gxf5 38.gxf5+ Ke7 39.Kd4 Kd7 40.Kd5 Bc3 41.Kc5  1-0

[Event "38th ch-IND w 2011"]
[Site "Chennai IND"]
[Date "2011.11.05"]
[Round "7"]
[White "Saranya,J"]
[Black "Meera,S"]
[Result "1/2-1/2"]
[WhiteElo "2106"]
[BlackElo "2117"]

1.e4 c5 2.Nf3 d6 3.Bb5+ Nd7 4.d4 Nf6 5.Nc3 cxd4 6.Qxd4 e5 7.Qd3 Be7 8.Bg5 O-O
9.Bxd7 Qxd7 10.Bxf6 Bxf6 11.O-O-O Rd8 12.Nd5 Qg4 13.h3 Qg6 14.Kb1 Be6 15.Ne3 d5
16.exd5 e4 17.Qb3 exf3 18.dxe6 fxg2 19.exf7+ Kf8 20.Rxd8+ Rxd8 21.Rg1 Qe4
22.a3 Rd6 23.Qb4 Qxb4 24.axb4 Rd4 25.Rxg2 Rxb4 26.b3 Rb5 27.Kc1 Kxf7 28.Kd2 Bg5
29.Rg4 Bxe3+ 30.Kxe3 Rh5 31.Rg3 Re5+ 32.Kd2 Rf5 33.Ke2 Re5+ 34.Kd2 Rf5 35.Ke2 Re5+  1/2-1/2

[Event "II Latin American Cup"]
[Site "Montevideo URU"]
[Date "2011.11.05"]
[Round "8.46"]
[White "Cori,Kevin"]
[Black "Lopez Falcon,J"]
[Result "1/2-1/2"]
[WhiteElo "1902"]
[BlackElo "2126"]

1.e4 c5 2.Nf3 d6 3.Bb5+ Bd7 4.Bxd7+ Qxd7 5.O-O g6 6.c3 Bg7 7.d4 Nh6 8.Bf4 O-O
9.Qd2 Ng4 10.h3 Nf6 11.Re1 cxd4 12.cxd4 d5 13.Ne5 Qd8 14.Nc3 dxe4 15.Nxe4 Nxe4
16.Rxe4 Qd5 17.Ree1 Rd8 18.Rad1 Nd7 19.Qb4 e6 20.Qe7 Nxe5 21.dxe5 Qxd1 22.Rxd1 Rxd1+
23.Kh2 b6 24.h4 h5 25.Qb7 Rdd8 26.Kh3 Rdb8 27.Qa6 b5 28.g4 hxg4+ 29.Kxg4 Rd8
30.Qxb5 Rab8 31.Qe2 Rb4 32.Kf3 Rdb8 33.b3 R4b5 34.Kg2 a5 35.h5 gxh5 36.Qxh5 Rd5
37.Qg4 Rb4 38.a3 Rbd4 39.Qg3 Kf8 40.Bg5 Bxe5 41.Bh6+ Ke7 42.Qg8 Rd8 43.Qg5+ f6
44.Qg7+ Ke8 45.Qf8+ Kd7 46.Qf7+ Kd6 47.Bf8+ Kc6 48.Qxe6+ Bd6 49.Bxd6 R8xd6
50.Qc8+ Kb6 51.Qb8+  1/2-1/2

[Event "TCh-BEL 2011-12"]
[Site "Eupen BEL"]
[Date "2011.11.06"]
[Round "3.3"]
[White "Glek,I"]
[Black "Piceu,T"]
[Result "1-0"]
[WhiteElo "2408"]
[BlackElo "2333"]

1.e4 c5 2.Nf3 d6 3.Bb5+ Nd7 4.d4 cxd4 5.Qxd4 Nf6 6.Bg5 e6 7.Nc3 Be7 8.O-O-O O-O
9.Bxd7 Bxd7 10.Qd3 Bc6 11.Nd4 Rc8 12.h4 a6 13.Kb1 b5 14.f3 Bb7 15.g4 Nd7
16.Qe3 Ne5 17.b3 Rc5 18.Nce2 Qd7 19.Bxe7 Qxe7 20.Rd2 Rd8 21.g5 Qc7 22.h5 Rc8
23.g6 Re8 24.gxh7+ Kxh7 25.Rg1 Qe7 26.Nf4 Qf6 27.Rdg2 Rg8 28.Nh3 a5 29.Ng5+ Kh8
30.f4 Nc6 31.e5 Nxe5 32.fxe5 Rxe5 33.Qd3 Rf5 34.Nxf5 Bxg2 35.Nxd6  1-0

[Event "1st Panama Open"]
[Site "Panama City PAN"]
[Date "2011.11.06"]
[Round "7.18"]
[White "Corrales Jimenez,Z"]
[Black "Arias,Le"]
[Result "1-0"]
[WhiteElo "2195"]
[BlackElo "2353"]

1.e4 c5 2.Nf3 d6 3.Bb5+ Nd7 4.c3 Nf6 5.Qe2 a6 6.Bxd7+ Bxd7 7.O-O e6 8.Rd1 Bc6
9.d3 Be7 10.Nbd2 O-O 11.Nf1 Qc7 12.Ng3 d5 13.e5 Nd7 14.d4 Rae8 15.Bf4 Qb6
16.Nh5 Bb5 17.Qd2 f6 18.Re1 cxd4 19.cxd4 fxe5 20.Nxe5 g6 21.Nxd7 Bxd7 22.Be5 Rf7
23.Re3 Bg5 24.f4 Be7 25.Rf3 Rf5 26.Ng7 Bb4 27.Rb3 Bxd2 28.Rxb6 Be3+ 29.Kh1 Rxe5
30.Nxe8 Rf5 31.Nd6 Rxf4 32.Rxb7 Bc6 33.Rc7 Bb5 34.Nxb5 axb5 35.Re7 Bxd4 36.Rxe6 Bxb2
37.Rd1 d4 38.Rb6 d3 39.Rxb5 Bc3 40.Rb3 Bf6 41.Rbxd3 Rf2 42.Rf3  1-0

[Event "FSGM November"]
[Site "Budapest HUN"]
[Date "2011.11.07"]
[Round "3"]
[White "Battey,A"]
[Black "Maximov,D"]
[Result "0-1"]
[WhiteElo "2336"]
[BlackElo "2492"]

1.e4 c5 2.Nf3 d6 3.Bb5+ Nc6 4.Bxc6+ bxc6 5.O-O g6 6.e5 Bg7 7.Re1 Nh6 8.exd6 Qxd6
9.d3 O-O 10.Nbd2 Rd8 11.Nc4 Qc7 12.Bd2 Rd5 13.Bc3 f6 14.Qe2 e5 15.Ne3 Rd8
16.Nd2 Be6 17.f3 Re8 18.Qf2 Rad8 19.Rf1 Nf7 20.Rae1 Nd6 21.f4 Nb5 22.f5 Bd5
23.fxg6 hxg6 24.Qg3 Bf7 25.Ne4 Nxc3 26.bxc3 f5 27.Nxf5 gxf5 28.Nf6+ Kf8 29.Nh7+ Kg8
30.Nf6+ Kf8 31.Nxe8 Rxe8 32.Rxf5 Re7 33.Ref1 Qd6 34.Rg5 Bf6 35.Rgf5 Bg7 36.Qf2 Qd5
37.Kh1 Kg8 38.Qg3 Qe6 39.Rg5 Qh6 40.h3 Re6 41.Qf3 Bg6 42.Qg4 Rd6 43.h4 Kh8
44.h5 Be8 45.Rb1 Rf6 46.Rxe5 Rf8 47.Rxc5 Qe3 48.Rf5 Rg8 49.Rg5 Bf7 50.h6 Bxc3
51.Rxg8+ Bxg8 52.Qg6 Qf4 53.Qh5 Bxa2 54.Rb7 Bd4 55.Qe8+ Bg8 56.h7 Qh4+  0-1

[Event "38th ch-IND w 2011"]
[Site "Chennai IND"]
[Date "2011.11.07"]
[Round "9"]
[White "Divyasri,C"]
[Black "Padmini,R"]
[Result "0-1"]
[WhiteElo "2129"]
[BlackElo "2356"]

1.e4 c5 2.Nf3 d6 3.Bb5+ Nc6 4.d4 cxd4 5.Qxd4 Bd7 6.Bxc6 Bxc6 7.Nc3 Nf6 8.Bg5 e6
9.Qd3 h6 10.Bd2 Be7 11.Nd4 Rc8 12.O-O-O a6 13.f4 Qc7 14.Kb1 b5 15.a3 Bb7
16.g4 Nd7 17.Rhe1 Qc4 18.Qxc4 Rxc4 19.Nb3 Bd8 20.Be3 Bc7 21.h3 O-O 22.Rd4 Rxd4
23.Bxd4 Rc8 24.h4 e5 25.fxe5 dxe5 26.Bg1 Bd8 27.Rd1 Bc6 28.h5 Nf6 29.Nc5 a5
30.b4 axb4 31.axb4 Nxg4 32.Nd5 Bg5 33.Rd3 Rd8 34.Rg3 Bxd5 35.Rxg4 Bc4 36.Bh2 Rd1+
37.Kb2 Bc1+ 38.Kc3 Bd2+ 39.Kb2 Bxb4 40.Na6 Bd6 41.Rg2 f6 42.c3 Bd3 43.Bg1 Bxe4
44.Rg3 Rd2+ 45.Kc1 Rc2+ 46.Kd1 Ra2 47.Nb4 Ra3 48.Bf2 Bxb4 49.cxb4 Rxg3 50.Bxg3 Bf3+
51.Kd2 Bxh5  0-1

[Event "18th European Teams w"]
[Site "Porto Carras GRE"]
[Date "2011.11.08"]
[Round "6.4.2"]
[White "Krivec,J"]
[Black "Madl,I"]
[Result "1/2-1/2"]
[WhiteElo "2291"]
[BlackElo "2399"]

1.e4 c5 2.Nf3 d6 3.Bb5+ Bd7 4.Bxd7+ Qxd7 5.O-O Nc6 6.c3 Nf6 7.d4 Nxe4 8.d5 Ne5
9.Nxe5 dxe5 10.Re1 Nf6 11.c4 e6 12.Nc3 Bd6 13.Bg5 exd5 14.Bxf6 gxf6 15.Nxd5 Qe6
16.Qa4+ Kf8 17.Re3 Rg8 18.Nb6 Rd8 19.Qxa7 e4 20.Qxb7 f5 21.g3 Be5 22.Nd5 Qd6
23.Rb3 Bd4 24.Kf1 Qh6 25.h4 Qd2 26.Qe7+ Kg7 27.Qg5+ Qxg5 28.hxg5 Rb8 29.Ne7 Rxb3
30.axb3 Rb8 31.Nxf5+ Kg6 32.Nxd4 cxd4 33.Rc1 Rxb3 34.c5 d3 35.c6 d2 36.Rd1 Rxb2
37.c7 Rc2 38.Rxd2 Rxc7 39.Rd5 Rc2 40.Re5 Rb2 41.Rxe4 Rb3  1/2-1/2

[Event "18th European Teams w"]
[Site "Porto Carras GRE"]
[Date "2011.11.08"]
[Round "6.8.4"]
[White "Menzi,N"]
[Black "Nikolova,A"]
[Result "0-1"]
[WhiteElo "1911"]
[BlackElo "2286"]

1.e4 c5 2.Nf3 d6 3.Bb5+ Nc6 4.O-O Bd7 5.Re1 a6 6.Bf1 Bg4 7.d3 e6 8.c3 Nf6
9.Nbd2 Be7 10.h3 Bh5 11.g4 Bg6 12.Nh4 Nd7 13.Ng2 e5 14.Nf3 Nf8 15.d4 h5 16.g5 Qd7
17.Ngh4 f6 18.Kh2 cxd4 19.cxd4 exd4 20.Nxd4 Nxd4 21.Qxd4 Bf7 22.Nf5 Ne6 23.Qc3 fxg5
24.Nxg7+ Nxg7 25.Qxg7 Rg8 26.Qd4 Qe6 27.e5 Kf8 28.Bd2 a5 29.f4 gxf4 30.Bxf4 d5
31.Bd3 b6 32.Qe3 Bc5 33.Bh6+ Ke7 34.Qf4 Bg6 35.Bb5 Qf5 36.Qh4+ Ke6 37.Re2 Be8
38.Qf6+ Qxf6 39.exf6+ Kf7 40.Bd3 Bd6+ 41.Kh1 Bc6 42.Rc1 Bb7 43.Bg7 Rge8 44.Rg2 Re3
45.Bg6+ Ke6 46.Kg1 d4 47.Rg5 Bf4 48.Bf5+ Kf7 49.Rg6 Rxh3 50.Bxh3 Be3+ 51.Kh2 Bxc1
52.Bf5 Re8 53.Bh6 Re2+ 54.Kh3 Bxh6 55.Rxh6 Be4 56.Bxe4 Rxe4 57.Rxh5 Kxf6
58.Kg3 Ke6 59.Rh6+ Kd5 60.Rxb6 d3 61.Rb3 Rd4 62.Rb8 d2 63.Rd8+ Ke4 64.Re8+ Kd3  0-1

[Event "18th European Teams w"]
[Site "Porto Carras GRE"]
[Date "2011.11.08"]
[Round "6.3.1"]
[White "Kulovana,E"]
[Black "Milliet,S"]
[Result "1/2-1/2"]
[WhiteElo "2297"]
[BlackElo "2386"]

1.e4 c5 2.Nf3 d6 3.Bb5+ Nd7 4.d4 cxd4 5.Qxd4 a6 6.Bxd7+ Bxd7 7.Bg5 Rc8 8.Nc3 h6
9.Bh4 e5 10.Qd3 g5 11.Bg3 Nf6 12.Nd2 b5 13.a3 Qb6 14.f3 Be7 15.Bf2 Qc6 16.Nf1 Bd8
17.O-O-O Ba5 18.Qxd6 Bxc3 19.Qxc6 Rxc6 20.bxc3 Be6 21.Ne3 Ke7 22.h4 Rhc8
23.hxg5 hxg5 24.Rd3 Rxc3 25.Rxc3 Rxc3 26.Kb2 Rc8 27.Be1 Nd7 28.Rh5 Kf6 29.g4 Nb6
30.Rh2 Kg7 31.Bb4 Nc4+  1/2-1/2

[Event "FSGM November"]
[Site "Budapest HUN"]
[Date "2011.11.09"]
[Round "5"]
[White "Battey,A"]
[Black "Arnold,Mar"]
[Result "1-0"]
[WhiteElo "2336"]
[BlackElo "2504"]

1.e4 c5 2.Nf3 d6 3.Bb5+ Nc6 4.Bxc6+ bxc6 5.O-O Bg4 6.h3 Bh5 7.e5 e6 8.exd6 Bxd6
9.d3 Nf6 10.Nbd2 Nd7 11.Qe1 Qc7 12.Ng5 Be7 13.Nc4 O-O 14.Ne4 Bg6 15.b3 e5
16.f4 f5 17.Ng5 Bxg5 18.fxg5 f4 19.Qa5 Qb8 20.Bb2 Rf5 21.Rae1 Rxg5 22.Qc3 Bf7
23.Nxe5 Nf6 24.Rxf4 Bd5 25.Rf2 Qc8 26.Re3 Be6 27.Qd2 h6 28.Nf3 Rf5 29.Nh4 Rxf2
30.Qxf2 Nd5 31.Qg3 Qc7 32.c4 Nf4 33.Be5  1-0

[Event "18th European Teams w"]
[Site "Porto Carras GRE"]
[Date "2011.11.09"]
[Round "7.8.2"]
[White "Berzina,I"]
[Black "L'Ami,Alina"]
[Result "1-0"]
[WhiteElo "2320"]
[BlackElo "2364"]

1.e4 c5 2.Nf3 d6 3.Bb5+ Bd7 4.Bxd7+ Qxd7 5.c4 Nf6 6.Nc3 g6 7.d4 cxd4 8.Nxd4 Bg7
9.h3 O-O 10.Be3 Rc8 11.b3 a6 12.a4 e6 13.Rc1 Nc6 14.O-O Rab8 15.Nde2 Nb4
16.Qd2 b6 17.Rfd1 Ne8 18.Bf4 Rd8 19.e5 Qb7 20.exd6 Rd7 21.Qe3 Nc6 22.Bh2 Rbd8
23.c5 bxc5 24.Ne4 Bd4 25.Nxd4 cxd4 26.Qf3 Na5 27.Nf6+ Kf8 28.Nxd7+ Qxd7 29.b4 Nb7
30.Rc7 Nxc7 31.dxc7 Rc8 32.Qxb7 Qxa4 33.Rc1 d3 34.Bf4 e5 35.Bh6+  1-0

[Event "Umada Cup 2011"]
[Site "Hastings BAR"]
[Date "2011.11.12"]
[Round "8"]
[White "Denny,K"]
[Black "Munro,A"]
[Result "1-0"]
[WhiteElo "2308"]
[BlackElo "2117"]

1.e4 c5 2.Nf3 d6 3.Bb5+ Bd7 4.Bxd7+ Qxd7 5.O-O Nf6 6.Qe2 e6 7.Rd1 Nc6 8.d4 cxd4
9.Nxd4 Be7 10.c4 O-O 11.Nc3 a6 12.b3 Qc7 13.Bb2 Rad8 14.Nxc6 Qxc6 15.Rac1 Nd7
16.Nd5 Rfe8 17.Nxe7+ Rxe7 18.Qd2 Nc5 19.e5 Red7 20.Qg5 h6 21.Qh4 d5 22.cxd5 Rxd5
23.Qxd8+ Rxd8 24.Rxd8+ Kh7 25.Ba3 Qb6 26.Rd6  1-0

[Event "4NCL 2011-12"]
[Site "Staverton Park ENG"]
[Date "2011.11.12"]
[Round "1.15.7"]
[White "Naylor,J"]
[Black "Adair,J"]
[Result "0-1"]
[WhiteElo "2174"]
[BlackElo "2247"]

1.e4 c5 2.Nf3 d6 3.Bb5+ Nd7 4.d4 cxd4 5.Qxd4 a6 6.Bxd7+ Bxd7 7.O-O Rc8 8.Nc3 e5
9.Qd3 h6 10.a4 Nf6 11.a5 Be7 12.Be3 O-O 13.Nd2 Be6 14.Nd5 Bxd5 15.exd5 Nd7
16.c4 f5 17.f3 Bg5 18.b4 Rc7 19.Rac1 Bxe3+ 20.Qxe3 Qh4 21.f4 e4 22.c5 Rfc8
23.Nb3 Nf6 24.Nd4 Ng4 25.Qg3 Qxg3 26.hxg3 Ne3 27.Ne6 Rd7 28.cxd6 Rxc1 29.Rxc1 Rxd6
30.Rc8+ Kf7 31.Rc7+ Kf6 32.Rxb7 Rxd5 33.Rb6 Kf7 34.Rxa6 Ng4 35.Kf1 e3 36.Nc5 Rd1+
37.Ke2 Rd2+ 38.Ke1 Rxg2 39.Nd3 Rg1+ 40.Ke2 Rg2+ 41.Kf1 Rd2 42.Ne5+ Nxe5 43.fxe5 h5
44.Rb6 h4 45.Rb7+ Ke6  0-1

[Event "12th Metropolitan Inv"]
[Site "Los Angeles USA"]
[Date "2011.11.13"]
[Round "8"]
[White "Akopyan,H"]
[Black "Troff,Kayden W"]
[Result "1-0"]
[WhiteElo "2233"]
[BlackElo "2279"]

1.e4 c5 2.Nf3 d6 3.Bb5+ Bd7 4.Bxd7+ Qxd7 5.O-O Nf6 6.e5 dxe5 7.Nxe5 Qc8 8.Qf3 Nc6
9.Nxc6 Qxc6 10.Qxc6+ bxc6 11.d3 e6 12.a4 Nd5 13.b3 Be7 14.Bb2 Bf6 15.Bxf6 Nxf6
16.Re1 Rd8 17.Nd2 Rd5 18.Nc4 O-O 19.f3 Rb8 20.Kf2 h6 21.Re2 Nd7 22.Ke1 Nb6
23.Ne5 Rd6 24.Kd2 f6 25.a5 fxe5 26.axb6 axb6 27.Ra7 b5 28.Kc3 Rd5 29.Re7 c4
30.dxc4 bxc4 31.bxc4 Ra5 32.Rxe6 c5 33.R6xe5 Rb4 34.Rxc5  1-0

[Event "4NCL 2011-12"]
[Site "Staverton Park ENG"]
[Date "2011.11.13"]
[Round "2.13.7"]
[White "Gray,M"]
[Black "Coleman,D"]
[Result "0-1"]
[WhiteElo "2090"]
[BlackElo "2244"]

1.e4 c5 2.Nf3 d6 3.Bb5+ Bd7 4.Bxd7+ Qxd7 5.c4 Nc6 6.Nc3 g6 7.d4 cxd4 8.Nxd4 Bg7
9.Nde2 Nh6 10.f3 f5 11.O-O Ne5 12.b3 Nhf7 13.Be3 fxe4 14.fxe4 Ng4 15.Bd4 Nge5
16.Nd5 O-O 17.Qe1 h6 18.Rd1 Ng5 19.Qh4 Kh7 20.Be3 Nef3+ 21.gxf3 Nxf3+ 22.Rxf3 Rxf3
23.Kg2 Raf8 24.Ng1 R3f7 25.Nh3 Kg8 26.Bd4 g5 27.Qg3 Rf3 28.Nf6+ R8xf6 29.Bxf6 Rxg3+
30.hxg3 Bxf6 31.Ng1 Qg4 32.Re1 h5 33.Re3 Bd4 34.Re1 Bxg1 35.Rxg1 Qxe4+ 36.Kh3 Kg7
37.g4 Qf3+ 38.Kh2 h4 39.c5 Qf2+ 40.Rg2 Qxc5  0-1

[Event "4NCL 2011-12"]
[Site "Staverton Park ENG"]
[Date "2011.11.13"]
[Round "2.12.8"]
[White "Wall,G"]
[Black "Oliver,S"]
[Result "1-0"]
[WhiteElo "2330"]
[BlackElo "1941"]

1.e4 c5 2.Nf3 d6 3.Bb5+ Bd7 4.a4 Nc6 5.d3 g6 6.O-O Bg7 7.Nbd2 e6 8.Nc4 Nge7
9.Nxd6+ Kf8 10.Nxb7 Qb6 11.Nd6 a6 12.Nc4 Qc7 13.Bxc6 Nxc6 14.Be3 Na5 15.Nxa5 Qxa5
16.Nd2 Rc8 17.Nc4 Qb4 18.Bf4 Bxa4 19.Bd2 Qb5 20.Nd6 Qxb2 21.Rxa4 Rc6 22.Nc4 Qb5
23.Ra5 Qb8 24.Qb1 Ke7 25.Bg5+ f6 26.Be3 Qc7 27.Qa2 Ra8 28.Qa3 Kf7 29.Rxc5 Bf8
30.Rxc6 Qxc6 31.Qa5 Rb8 32.Bb6 Qb5 33.Ra1 Qxa5 34.Rxa5 Ra8 35.Kf1 Be7 36.Ke2 Ke8
37.d4 Kd7 38.d5 exd5 39.exd5  1-0

[Event "Russian Cup Final w KO"]
[Site "Magnitogorsk RUS"]
[Date "2011.11.14"]
[Round "1.3"]
[White "Stepovaia Dianchenko,T"]
[Black "Doluhanova,E"]
[Result "1/2-1/2"]
[WhiteElo "2353"]
[BlackElo "2276"]

1.e4 c5 2.Nf3 d6 3.Bb5+ Bd7 4.Bxd7+ Qxd7 5.c4 Nc6 6.Nc3 g6 7.d4 cxd4 8.Nxd4 Bg7
9.Nde2 Nf6 10.O-O O-O 11.Rb1 Rac8 12.b3 Qc7 13.Bb2 Qa5 14.h3 a6 15.a4 Rfd8
16.f4 e6 17.f5 exf5 18.exf5 d5 19.fxg6 hxg6 20.Rxf6 Bxf6 21.Nxd5 Bxb2 22.Rxb2 Qc5+
23.Kh2 Ne7 24.Nec3 Nxd5 25.Nxd5 Qd6+ 26.g3 Qc5 27.Rd2 b5 28.axb5 axb5 29.Nf6+ Kg7
30.Rxd8 Rxd8 31.Qxd8 Qf2+ 32.Kh1 Qf1+ 33.Kh2 Qf2+  1/2-1/2

[Event "5th Mediterranean Open"]
[Site "Rijeka CRO"]
[Date "2011.11.14"]
[Round "4.21"]
[White "Monjac,M"]
[Black "Berke,A"]
[Result "1/2-1/2"]
[WhiteElo "2013"]
[BlackElo "2190"]

1.e4 c5 2.Nf3 d6 3.Bb5+ Bd7 4.Bxd7+ Qxd7 5.O-O Nf6 6.Qe2 Nc6 7.Rd1 Rc8 8.c3 e6
9.d4 cxd4 10.cxd4 d5 11.e5 Ne4 12.Nbd2 Nxd2 13.Bxd2 Be7 14.a3 O-O 15.Qd3 f6
16.Bf4 fxe5 17.Nxe5 Nxe5 18.Bxe5 Bd6 19.Re1 Rc4 20.Bxd6 Qxd6 21.b3 Rc6 22.Re5 Qc7
23.Rf1 Rc3 24.Qb5 Qf7 25.Re3 Rfc8 26.Rxc3 Rxc3 27.Qb4 Qc7 28.h3 Rc2 29.Qa4 Rc6
30.Qb5 a6 31.Qa4 Qb6 32.b4 Qxd4 33.Qb3 Qc4 34.Qg3 Rc8 35.Qe5 d4 36.Rd1 Rd8
37.Qg5 Qd5 38.Qxd5 Rxd5 39.f4 Kf7 40.Kf2 Kf6 41.Kf3 g5 42.fxg5+ Kxg5 43.Ke4 d3
44.Rd2 Kh4 45.Kf3 Rd4 46.g3+ Kg5 47.Ke3 Rd5 48.Rxd3 Re5+ 49.Kf3 h5 50.Rd7 Rb5
51.Ke4 Kf6 52.Rc7 b6 53.Rc6 a5 54.bxa5 bxa5 55.Ra6 Rg5 56.Kf4 Rc5 57.Ke4 Rc4+
58.Kd3 Ra4 59.Ke3 Rxa3+ 60.Kf4 Ra4+ 61.Kf3 Ke5 62.g4 Ra3+ 63.Kg2 h4 64.g5 Kf5
65.g6 Rg3+ 66.Kf2 Rxg6 67.Rxa5+ e5 68.Ra8 Rg3 69.Rf8+ Ke4 70.Rh8 Rxh3 71.Kg2 Rg3+
72.Kf2 Rf3+ 73.Ke2 Rf4 74.Rh7 Kf5 75.Rg7 Ra4 76.Rh7 Ra2+ 77.Kf3 Ra3+ 78.Kf2 h3
79.Rh4 h2 80.Kg2 Ra2+ 81.Kh1 e4 82.Rf4+ Kg5 83.Rg4+  1/2-1/2

[Event "21st World Seniors"]
[Site "Rijeka CRO"]
[Date "2011.11.15"]
[Round "1.32"]
[White "Rooze,J"]
[Black "Elfert,A"]
[Result "1-0"]
[WhiteElo "2321"]
[BlackElo "2017"]

1.e4 c5 2.Nf3 d6 3.Bb5+ Bd7 4.Bxd7+ Qxd7 5.O-O Nc6 6.c3 Nf6 7.d4 O-O-O 8.d5 Ne5
9.Nxe5 dxe5 10.Re1 e6 11.c4 Bd6 12.Nc3 Kb8 13.a3 exd5 14.cxd5 Rhe8 15.Bd2 Rc8
16.Qe2 a6 17.Reb1 Rc7 18.b4 b5 19.bxc5 Bxc5 20.a4 Ng4 21.Nd1 Bd4 22.Ra2 Rb7
23.axb5 Rc8 24.h3 Nf6 25.Rxa6 Rc2 26.Qd3 Rxd2 27.Qxd2 Rxb5 28.Qd3 Rb7 29.Ra3 Ne8
30.Rxb7+ Qxb7 31.Rb3 Bb6 32.Qb5 Kc7 33.Qxe8 Bxf2+ 34.Nxf2 Qxb3 35.Qxf7+  1-0

[Event "2nd Brno Open"]
[Site "Brno CZE"]
[Date "2011.11.17"]
[Round "8"]
[White "Spanton,T"]
[Black "Hacaperka,M"]
[Result "1-0"]
[WhiteElo "1978"]
[BlackElo "1922"]

1.e4 c5 2.Nf3 d6 3.Bb5+ Bd7 4.Bxd7+ Qxd7 5.O-O Nc6 6.Qe2 e6 7.Rd1 Rc8 8.d4 cxd4
9.Nxd4 Nxd4 10.Rxd4 Qc6 11.Na3 a6 12.Rc4 Qd7 13.Bf4 b5 14.Rxc8+ Qxc8 15.Rd1 Qc6
16.Qd3 Kd7 17.Bxd6 Bxd6 18.e5 Ne7 19.Qxd6+ Qxd6 20.Rxd6+ Kc7 21.Rxa6 Rd8
22.Nxb5+ Kb7 23.Rd6 Re8 24.Rxe6 fxe6 25.Nd6+ Kc6 26.Nxe8 Nf5 27.f4 Ne3 28.Nxg7 Kd5
29.c3 Nd1 30.c4+ Kxc4 31.Nxe6 Nxb2 32.Ng5  1-0

[Event "21st World Seniors"]
[Site "Rijeka CRO"]
[Date "2011.11.17"]
[Round "3.33"]
[White "Kolbak,J"]
[Black "Rucka,A"]
[Result "1-0"]
[WhiteElo "2262"]
[BlackElo "1935"]

1.e4 c5 2.Nf3 d6 3.Bb5+ Bd7 4.Bxd7+ Qxd7 5.O-O g6 6.c3 Nc6 7.d4 cxd4 8.cxd4 Bg7
9.Nc3 Nf6 10.Bg5 O-O 11.Qd2 Rfd8 12.Rad1 Rac8 13.Rfe1 Ne8 14.h3 f6 15.Be3 b6
16.Qe2 Qb7 17.d5 Ne5 18.Nd4 Nc7 19.f4 Nd7 20.Nc6 Re8 21.Qd2 Bf8 22.b4 e5
23.b5 a6 24.a4 axb5 25.axb5 Ra8 26.Qb2 Bg7 27.Qb4 Nc5 28.f5 Kf7 29.Rf1 Rg8
30.Rb1 Rh8 31.Qc4 g5 32.Bxc5 bxc5 33.b6 Qa6 34.Qxa6 Nxa6 35.Ra1 Nb4 36.Rxa8 Rxa8  1-0